000 00387nam a2200145Ia 4500
005 20250410081443.0
008 240331s9999 xx 000 0 und d
082 _a200
_bRAM
245 0 _aRamana magararyshiyin marmakal
260 _aChennai
_bLite House Pathippagam
_c1993
300 _a82 p .,
500 _aRamana maharishikalin patriyathu
700 _aPerumalsamy,R.
_eedt
942 _cL
999 _c778
_d778